Έρευνα για τις σπουδές και την επαγγελματική κατάσταση των αποφοίτων των μεταπτυχιακών τμημάτων της Σχολής Επιστημών της Διοίκησης της Χίου : διπλωματική εργασία
Αποθηκεύτηκε σε:
| Κύριος συγγραφέας: | |
|---|---|
| Συγγραφή απο Οργανισμό/Αρχή: | |
| Άλλοι συγγραφείς: | |
| Μορφή: | Thesis Βιβλίο |
| Γλώσσα: | Greek |
| Δημοσίευση: |
2009
|
| Θέματα: | |
| Διαθέσιμο Online: | http://hdl.handle.net/11610/8295 |
| Ετικέτες: |
Προσθήκη ετικέτας
Δεν υπάρχουν, Καταχωρήστε ετικέτα πρώτοι!
|
MARC
| LEADER | 00000cam a2200000 i 4500 | ||
|---|---|---|---|
| 001 | 1/12747 | ||
| 008 | 110331s2009 gre d | ||
| 035 | |l 10109901 | ||
| 040 | |a GR-MY-UA |b gre |e aacr | ||
| 041 | 0 | |a gre | |
| 082 | 0 | |a 331.11423 |2 (22) | |
| 100 | 1 | |a Ναυπλιώτης, Πέτρος. | |
| 245 | 1 | 0 | |a Έρευνα για τις σπουδές και την επαγγελματική κατάσταση των αποφοίτων των μεταπτυχιακών τμημάτων της Σχολής Επιστημών της Διοίκησης της Χίου : |b διπλωματική εργασία / |c Ναυπλιώτης Πέτρος ; επιβλέπων καθηγητής Λιάγκουρας Γεώργιος |
| 260 | |c 2009 | ||
| 300 | |a 98 σ.; |b πίν.; |c 30 εκ. | ||
| 502 | |a Πτυχιακή εργασία – Πανεπιστήμιο Αιγαίου, Χίος, 2009. | ||
| 650 | 0 | |a Education, Higher |z Greece |z Chios (Municipality) | |
| 650 | 0 | 0 | |a College graduates |x Employment |z Greece. |
| 650 | 0 | 0 | |a Questionnaires. |
| 650 | 0 | 0 | |a Dissertations, Academic |z Greece. |
| 700 | 1 | |4 ths |a Λιάγκουρας, Γιώργος. | |
| 710 | 2 | |a Πανεπιστήμιο Αιγαίου. |b Σχολή Επιστημών της Διοίκησης. |b Τμήμα Μηχανικών Οικονομίας και Διοίκησης. | |
| 852 | |a INST |b CHIOS |c DIATR |e 20110331 |h 331.11423 ΛΙΟ |p 005200032352 |q 005200032352 |t DIE |y 23 | ||
| 852 | |a INST |b CHIOS |c DIATR |e 20110331 |h 331.11423 ΛΙΟ |p 005200032353 |q 005200032353 |t DIE |y 23 | ||
| 856 | |u http://hdl.handle.net/11610/8295 | ||
| 901 | |a BIBL2-2011-1 | ||
| 909 | |a Χ |b 148513 | ||
| 909 | |a Χ |b 148513 | ||
| 924 | |a ΝΑΥΠΛΙΩΤΗ |b ΠΕΤΡΟΣ |y ΧΙΟΣ |z 2009-10 | ||
| 970 | |a ΠΟΥΛΑΚΗ |b ΣΤΕΛΛΑ |z 2011/03/31 | ||